| 000 | 00575nam a22001697a 4500 | ||
|---|---|---|---|
| 999 |
_c190941 _d190941 |
||
| 005 | 20220816104820.0 | ||
| 010 | _aENG-134410 | ||
| 020 |
_a9788194857648 _c350.00 |
||
| 035 | _aEN-117942 | ||
| 037 | _bDBAD/PUB | ||
| 082 | _a370.1523 | ||
| 245 | _aThe Essence of Kalam's Educational Philosophy/ | ||
| 260 |
_aNew Delhi _bAravali Books International Pvt. Ltd _c2020 |
||
| 270 |
_aW-30, Okhla Industrial Area, Phase-II _bNew Delhi _e110020 _k011-47173334 _maravalibooks.w30@gmail.com |
||
| 300 |
_axviii, 181p. _c22cm(pbk) |
||
| 942 |
_2ddc _cEN _h370.1523 _mESS |
||